00862nam a2200205 i 4500001001100000005001700011008004100028080002200069100004700091245010200138260004400240300005400284500007600338500008400414500003800498650004700536700003300583752003000616852001000646C00064528c20241029151016.0180709s1973 esp |||| ||spa d a711(468.18C.)"17"1 aRetegui Bensusan, Mariano de (d1914-1997)10aUrbanismo gaditano del siglo XVIII / cMariano de Retegui y Bensusan, Guillermo Perea Guardeño. aSan Fernando : bImp. "La Voz", c1973. a47 p., [7] h. de lám. ; c28 cm. + e1 folleto. aLas [7] h. de lám.: tres están imp. por ambas caras y dos son pleg. aAcompañado de: Cinco mapas del siglo XVIII en un viejo papel. [8] p. ; 22 cm. aDonación Ministerio de Cultura. 4aUrbanismo-zEspaña-zCádiz-yS. XVIII.1 aPerea Guardeño, Guillermo. aEspaña - dSan Fernando4 jCN-40